[Event "AUTO-ELITE-903"]
[Site "http://www.queenalice.com/game.php?id=1022303"]
[Date "2012.1.31"]
[Round "1"]
[White "helianthus"]
[Black "Gabrisco"]
[Result "0-1"]
[WhiteElo "2437"]
[BlackElo "2402"]

1. e4 e5 2. Nf3 Nc6 3. Bb5 Nf6 4. O-O Nxe4 5. d4 Be7 6. Qe2 Nd6 7. Bxc6 bxc6 8.
dxe5 Nf5 9. Qe4 g6 10. Rd1 O-O 11. Nc3 Bb7 12. Nd4 c5 13. Qxb7 cxd4 14. Ne2 d6
15. Bf4 c5 16. Qf3 dxe5 17. Bxe5 Nh4 0-1

[Event "AUTO-ELITE-903"]
[Site "http://www.queenalice.com/game.php?id=1022304"]
[Date "2012.1.31"]
[Round "1"]
[White "Gabrisco"]
[Black "helianthus"]
[Result "1-0"]
[WhiteElo "2389"]
[BlackElo "2446"]

1. e4 c5 2. Nf3 d6 3. Bc4 e6 4. O-O d5 5. exd5 exd5 6. Re1+ Be7 7. Bb5+ Kf8 8.
d4 Nf6 9. dxc5 Bxc5 10. Bg5 Qb6 11. Qe2 Ne4 12. Bh4 g5 13. Nxg5 Bg4 14. Qxg4
Bxf2+ 15. Kh1 Bxh4 16. Rxe4 dxe4 17. Qxh4 Qxb5 18. Nd2 h6 19. Ne6+ 1-0

[Event "kasker-2"]
[Site "http://www.queenalice.com/game.php?id=1026765"]
[Date "2012.2.6"]
[Round "1"]
[White "sergiogvh"]
[Black "helianthus"]
[Result "1-0"]
[WhiteElo "2283"]
[BlackElo "2406"]

1. e4 c5 2. d4 cxd4 3. c3 dxc3 4. Nxc3 Nc6 5. Nf3 e6 6. Bc4 d6 7. O-O Nf6 8. Qe2
a6 9. Rd1 b5 10. Bb3 Bd7 11. Bg5 b4 12. Na4 Be7 13. Qe3 Rb8 14. Bxf6 gxf6 15.
Nd2 Na5 16. Qg3 Kf8 17. Qe3 Rg8 18. Rac1 Rg7 19. Bc2 Kg8 20. g3 1-0

[Event "AUTO-ELITE-1040"]
[Site "http://www.queenalice.com/game.php?id=1097760"]
[Date "2012.8.29"]
[Round "1"]
[White "Plotnnikov"]
[Black "helianthus"]
[Result "1/2-1/2"]
[WhiteElo "2454"]
[BlackElo "2400"]

1. c4 e5 2. Nc3 d6 3. Nf3 Nc6 4. e3 Nf6 5. d4 exd4 6. exd4 Be7 7. Be2 d5 8. O-O
Bg4 9. Be3 dxc4 10. Bxc4 O-O 11. h3 Bh5 12. Be2 Re8 13. g4 Bg6 14. Ne5 Nxe5 15.
dxe5 Nd7 16. f4 h6 17. Qe1 c6 18. Rd1 Qc7 19. Qf2 Bh7 20. Bc4 Red8 21. e6 fxe6
22. Bxe6+ Kh8 23. Bd4 b6 24. Kg2 Nf8 25. Be5 Qb7 26. f5 Nxe6 27. fxe6 Bg6 28.
Qf3 Kh7 29. a3 a5 30. Rf2 Rxd1 31. Qxd1 Rd8 32. Rd2 Rxd2+ 33. Qxd2 c5+ 34. Kg3
Be4 35. Qe2 Bg6 1/2-1/2

[Event "AUTO-ELITE-1040"]
[Site "http://www.queenalice.com/game.php?id=1097761"]
[Date "2012.8.29"]
[Round "1"]
[White "helianthus"]
[Black "Plotnnikov"]
[Result "0-1"]
[WhiteElo "2403"]
[BlackElo "2440"]

1. e4 e5 2. Nf3 Nf6 3. d4 Nxe4 4. Nxe5 d6 5. Nf3 d5 6. Bd3 Nc6 7. O-O Be7 8.
Nbd2 Nd6 9. c3 Bf5 10. Bxf5 Nxf5 11. Re1 Qd7 12. a4 O-O 13. a5 Rfe8 14. Qb3 Bg5
15. Rxe8+ Rxe8 16. h3 h6 17. Nxg5 Re1+ 18. Nf1 hxg5 19. Qa4 f6 20. Bd2 Rxa1 21.
Qxa1 a6 22. b4 Qe6 23. Qc1 Na7 24. Qc2 Nb5 25. Qd3 Kf7 26. f3 g6 27. Kf2 Qc6 28.
Nh2 Na3 29. Ng4 Qa4 30. Bc1 Nc4 31. Qe2 b6 32. axb6 cxb6 33. Kg1 a5 34. bxa5
bxa5 35. Qd3 Qb3 36. f4 gxf4 0-1

[Event "AUTO-ELITE-1040"]
[Site "http://www.queenalice.com/game.php?id=1097768"]
[Date "2012.8.29"]
[Round "1"]
[White "helianthus"]
[Black "Kuarwaki"]
[Result "1/2-1/2"]
[WhiteElo "2388"]
[BlackElo "2601"]

1. e4 c5 2. Nf3 Nc6 3. Nc3 e6 4. Bb5 Nge7 5. O-O a6 6. Bxc6 Nxc6 7. d4 cxd4 8.
Nxd4 Qc7 9. Be3 Be7 10. f4 O-O 11. Qh5 Qb6 12. Rad1 Qxb2 13. Rd3 Qb4 14. Nb3 g6
15. Qh6 f5 16. a3 Qxa3 17. Ra1 Qb4 18. Ra4 fxe4 19. Rxb4 exd3 20. Rc4 dxc2 21.
Ne2 a5 22. Rxc2 a4 23. Nbd4 a3 24. Ra2 Rf7 25. Qh3 Nb4 26. Ra1 Nd5 27. Bc1 b6
28. Bxa3 Bc5 29. Qf3 Bb7 30. Kh1 Ra7 31. Qd3 Nxf4 32. Nxf4 Rxf4 33. Bb2 Rf2 34.
Rxa7 Be4 35. Kg1 Bxd3 36. Kxf2 e5 37. Rxd7 Bf5 38. Rd5 exd4 39. Bxd4 Be7 40.
Bxb6 Kf7 41. h3 Ke6 42. Rd4 Bb1 43. g4 h5 44. Kf3 Bc2 45. Rd2 Ba4 46. Re2+ Kf7
47. Rf2 hxg4+ 48. Kg3+ Ke6 49. hxg4 Bd6+ 50. Kh4 Be7+ 51. g5 Bb5 52. Rf3 1/2-1/2

[Event "AUTO-ELITE-1040"]
[Site "http://www.queenalice.com/game.php?id=1097769"]
[Date "2012.8.29"]
[Round "1"]
[White "Kuarwaki"]
[Black "helianthus"]
[Result "1-0"]
[WhiteElo "2605"]
[BlackElo "2394"]

1. d4 d5 2. c4 e6 3. Nf3 c6 4. e3 Nf6 5. Bd3 dxc4 6. Bxc4 Bb4+ 7. Bd2 Bd6 8. Nc3
Nbd7 9. Qb3 Nb6 10. Bd3 Qe7 11. e4 e5 12. dxe5 Bxe5 13. Nxe5 Qxe5 14. Qb4 Be6
15. Be3 Rd8 16. Be2 Ng4 17. Bxg4 Bxg4 18. O-O Qc7 19. Rac1 Qd6 20. Bc5 Qg6 21.
Kh1 Nd7 22. Be7 a5 23. Qa3 Ra8 24. Rfe1 f6 25. f4 1-0

[Event "AUTO-ELITE-1074"]
[Site "http://www.queenalice.com/game.php?id=1118910"]
[Date "2012.11.4"]
[Round "1"]
[White "StenioVS"]
[Black "helianthus"]
[Result "0-1"]
[WhiteElo "2250"]
[BlackElo "2402"]

1. d4 d5 2. c4 dxc4 3. Nf3 a6 4. g3 e6 5. Bg2 Nf6 6. O-O Be7 7. Qc2 b5 8. b3
cxb3 9. axb3 Bb7 10. Bf4 Nc6 11. Ne5 Nxd4 12. Qb2 Bxg2 13. Kxg2 c5 14. e3 Qd5+
15. f3 Nxb3 16. e4 Qd4 17. Ra2 Qxb2+ 18. Rxb2 c4 19. Nc6 Bc5 20. Be5 Kd7 0-1

[Event "AUTO-ELITE-1074"]
[Site "http://www.queenalice.com/game.php?id=1118911"]
[Date "2012.11.4"]
[Round "1"]
[White "helianthus"]
[Black "StenioVS"]
[Result "1-0"]
[WhiteElo "2403"]
[BlackElo "2258"]

1. e4 d6 2. Nc3 Nf6 3. f4 e5 4. Nf3 Be7 5. fxe5 dxe5 6. Nxe5 O-O 7. d4 h6 8. Bc4
c5 9. Nxf7 Rxf7 10. e5 cxd4 11. exf6 Bxf6 12. Bxf7+ Kxf7 13. O-O Kg8 14. Ne4 Be7
15. Bxh6 Nc6 16. Qh5 gxh6 17. Qg6+ Kh8 18. Rf7 1-0

[Event "AUTO-ELITE-1074"]
[Site "http://www.queenalice.com/game.php?id=1118914"]
[Date "2012.11.4"]
[Round "1"]
[White "Alsina"]
[Black "helianthus"]
[Result "1-0"]
[WhiteElo "2517"]
[BlackElo "2408"]

1. c4 e5 2. Nc3 Nc6 3. g3 f5 4. Bg2 Nf6 5. d3 Bb4 6. Nh3 O-O 7. O-O Bxc3 8. bxc3
d6 9. Rb1 Qe8 10. Bg5 f4 11. Bxf6 Rxf6 12. Ng5 Qh5 13. Bd5+ Kh8 14. Ne4 Rh6 15.
h4 Nd8 16. Ng5 Bg4 17. Rxb7 Bxe2 18. Qb1 Rf6 19. Rb8 Rxb8 20. Qxb8 Qe8 21. Nf7+
Rxf7 22. Bxf7 Qe7 23. Re1 Bxd3 24. gxf4 e4 25. Bd5 1-0

[Event "AUTO-ELITE-1074"]
[Site "http://www.queenalice.com/game.php?id=1118915"]
[Date "2012.11.4"]
[Round "1"]
[White "helianthus"]
[Black "Alsina"]
[Result "1/2-1/2"]
[WhiteElo "2401"]
[BlackElo "2514"]

1. e4 e5 2. Nf3 Nc6 3. Bb5 a6 4. Ba4 d6 5. O-O Nf6 6. d4 Bd7 7. c4 Be7 8. d5 Na5
9. Bxd7+ Qxd7 10. Qc2 b5 11. cxb5 axb5 12. a3 h6 13. b4 Nc4 14. Nbd2 Nxd2 15.
Bxd2 O-O 16. Rfc1 Rfc8 17. h3 Ra6 18. Be3 Rca8 19. Nd2 Bd8 20. Nb1 Nh5 21. Ra2
Ra4 22. Qe2 Nf4 23. Bxf4 exf4 24. Rac2 R4a7 25. Rc6 Rb7 26. R1c2 Bf6 27. Qg4
Qxg4 28. hxg4 Raa7 29. Kf1 Kh7 30. Ke2 Kg6 31. Ra2 Be5 32. Rc1 1/2-1/2

[Event "Challenge"]
[Site "http://www.queenalice.com/game.php?id=1125466"]
[Date "2012.11.24"]
[Round "-"]
[White "lupengui"]
[Black "helianthus"]
[Result "1-0"]
[WhiteElo "2843"]
[BlackElo "2382"]

1. e4 c5 2. Nf3 e6 3. Nc3 a6 4. d4 cxd4 5. Nxd4 d6 6. Be3 Nf6 7. Be2 b5 8. O-O
Bb7 9. a4 b4 10. Na2 Nbd7 11. Nxb4 Qc7 12. c4 d5 13. cxd5 Bxb4 14. dxe6 Nc5 15.
Rc1 Rd8 16. Qb3 Rxd4 17. Bxd4 Nxb3 18. Rxc7 Nxd4 19. exf7+ Kd8 20. Rxb7 Nxe2+
21. Kh1 Bf8 22. e5 Nd5 23. Re1 Nef4 24. e6 Kc8 25. Rd7 1-0

[Event "Challenge"]
[Site "http://www.queenalice.com/game.php?id=1125946"]
[Date "2012.11.26"]
[Round "-"]
[White "helianthus"]
[Black "efreddy"]
[Result "0-1"]
[WhiteElo "2407"]
[BlackElo "2445"]

1. e4 c5 2. Nf3 d6 3. d4 cxd4 4. Nxd4 Nf6 5. f3 Nc6 6. Nc3 e5 7. Nb3 Be6 8. Nd5
Rc8 9. c4 b5 10. Bg5 bxc4 11. Bxf6 gxf6 12. Bxc4 Bh6 13. O-O O-O 14. f4 Nb4 15.
Bd3 Nxd3 16. Qxd3 Bxd5 17. exd5 Bxf4 18. Kh1 Kh8 19. Nd4 Qd7 20. g3 Bg5 0-1

[Event "Challenge"]
[Site "http://www.queenalice.com/game.php?id=1125947"]
[Date "2012.11.26"]
[Round "-"]
[White "Zwartkijker"]
[Black "helianthus"]
[Result "1-0"]
[WhiteElo "2394"]
[BlackElo "2394"]

1. d4 d5 2. c4 dxc4 3. e4 Nf6 4. Nc3 e5 5. Nf3 exd4 6. Nxd4 Bc5 7. Be3 Ng4 8.
Ne6 Bxe6 9. Qxd8+ Kxd8 10. Bxc5 Nd7 11. Rd1 Kc8 12. Bd4 c5 13. Bxg7 Rg8 14. h3
Nxf2 15. Kxf2 Rxg7 16. g4 Ne5 17. Be2 Kc7 18. Ke3 Re8 19. Nd5+ Bxd5 20. Rxd5 b6
21. Rc1 f6 22. Bxc4 h5 23. b4 hxg4 24. hxg4 Rg5 25. Bb5 Nxg4+ 26. Kf4 Nf2 27.
Rxg5 fxg5+ 28. Ke3 Ng4+ 29. Kf3 1-0

[Event "AUTO-ELITE-1303"]
[Site "http://www.queenalice.com/game.php?id=1265844"]
[Date "2014.3.17"]
[Round "1"]
[White "CCapivara"]
[Black "helianthus"]
[Result "0-1"]
[WhiteElo "2118"]
[BlackElo "2372"]

1. e4 c5 2. Nf3 Nc6 3. d4 cxd4 4. Nxd4 e5 5. Nb5 a6 6. Nd6+ Bxd6 7. Qxd6 Qh4 8.
Nc3 b5 9. Bd3 Qf6 10. Qxf6 Nxf6 11. Bg5 b4 12. Nd5 Nxd5 13. exd5 Nd4 14. O-O-O
d6 15. f4 f6 16. Bh4 Bg4 17. Rd2 Rc8 18. fxe5 b3 19. Kb1 bxc2+ 20. Kc1 fxe5 21.
h3 Bf5 22. Bxf5 Nxf5 23. Bf2 O-O 24. Rxc2 Rxc2+ 25. Kxc2 Ne7 26. Bh4 Nxd5 27.
Kb3 Ra8 28. Rd1 Rb8+ 29. Ka3 Ne3 0-1

[Event "AUTO-ELITE-1303"]
[Site "http://www.queenalice.com/game.php?id=1265845"]
[Date "2014.3.17"]
[Round "1"]
[White "helianthus"]
[Black "CCapivara"]
[Result "1-0"]
[WhiteElo "2376"]
[BlackElo "2136"]

1. e4 c5 2. Nf3 Nc6 3. Bb5 Qb6 4. Bxc6 Qxc6 5. Nc3 b6 6. d4 Nf6 7. d5 Qb7 8. e5
Ng8 9. Bg5 d6 10. exd6 exd6 11. Qe2+ Be7 12. O-O f6 13. Nb5 Qd7 14. Bf4 Ba6 15.
Nc7+ Qxc7 16. Qxa6 g5 17. Bd2 Nh6 18. Rae1 O-O 19. Re6 Nf5 20. h3 h5 21. Bc3 g4
22. hxg4 hxg4 23. Qd3 gxf3 24. Qxf5 Rf7 25. g4 Rg7 26. Qxf3 Rf8 27. Kg2 b5 28.
Rh1 b4 29. Bxf6 Bxf6 30. Rxf6 Rxf6 31. Qxf6 Rxg4+ 32. Kf1 Rg7 33. Qe6+ Rf7 34.
Qg6+ Rg7 35. Qe8# 1-0

[Event "AUTO-ELITE-1303"]
[Site "http://www.queenalice.com/game.php?id=1265852"]
[Date "2014.3.17"]
[Round "1"]
[White "helianthus"]
[Black "FabioDavid"]
[Result "0-1"]
[WhiteElo "2379"]
[BlackElo "2556"]

1. e4 e5 2. f4 Bc5 3. Nf3 d6 4. fxe5 dxe5 5. Bc4 Nf6 6. d3 O-O 7. Bg5 h6 8. Bh4
Qd6 9. Nc3 a6 10. a3 Nc6 11. Nd5 Nxd5 12. Bxd5 Be6 13. Bxe6 Qxe6 14. b4 Ba7 15.
c3 Ne7 16. a4 Ng6 17. Bg3 Rfd8 18. Qc2 c5 19. bxc5 Bxc5 20. a5 Rac8 21. Ra4 Ba7
22. Rb4 Qd6 23. Rxb7 Qa3 24. Qb3 Qc1+ 25. Qd1 Qxc3+ 26. Ke2 Rb8 0-1

[Event "AUTO-ELITE-1303"]
[Site "http://www.queenalice.com/game.php?id=1265853"]
[Date "2014.3.17"]
[Round "1"]
[White "FabioDavid"]
[Black "helianthus"]
[Result "1-0"]
[WhiteElo "2543"]
[BlackElo "2381"]

1. e4 c5 2. Na3 e5 3. Nf3 d6 4. Bb5+ Nc6 5. c3 Nf6 6. d4 cxd4 7. cxd4 Nxe4 8.
O-O a6 9. Bxc6+ bxc6 10. Qc2 f5 11. dxe5 c5 12. exd6 Bxd6 13. Nc4 Be6 14. Rd1
Bxc4 15. Qxc4 Qf6 16. Ng5 Rd8 17. Re1 Be7 18. Qa4+ 1-0

[Event "AUTO-OPEN-3214"]
[Site "http://www.queenalice.com/game.php?id=1266100"]
[Date "2014.3.18"]
[Round "1"]
[White "sphagnis"]
[Black "helianthus"]
[Result "0-1"]
[WhiteElo "1563"]
[BlackElo "2381"]

1. e4 c5 2. Nf3 Nc6 3. d4 cxd4 4. Nxd4 e5 5. Nf3 Bb4+ 6. Bd2 Bxd2+ 7. Qxd2 Nf6
8. Nc3 O-O 9. Bd3 d6 10. Nd5 Bg4 11. Nh4 Nxd5 12. exd5 Qxh4 13. dxc6 bxc6 14.
Be2 Bxe2 15. Qxe2 d5 16. O-O Qd4 17. c3 Qf4 18. g3 Qf5 19. Kg2 e4 20. f3 Rfe8
21. fxe4 Rxe4 22. Rxf5 Rxe2+ 23. Rf2 Rae8 24. Kf3 R8e3+ 25. Kg2 Re4 26. b4 h5
27. h4 f6 28. a4 Rxf2+ 29. Kxf2 Rc4 30. Rc1 Kf8 31. Ke3 d4+ 32. Kd3 Rxc3+ 33.
Rxc3 dxc3 34. Kxc3 g5 35. hxg5 fxg5 36. Kd3 h4 37. gxh4 gxh4 38. Ke3 h3 39. Kf2
a6 40. Kg3 h2 41. Kxh2 Ke7 42. Kg2 Kd6 43. Kf2 Kd5 44. Ke2 Kc4 45. b5 cxb5 46.
axb5 axb5 47. Kd2 Kb3 48. Kc1 Ka2 49. Kc2 b4 50. Kc1 b3 51. Kd1 b2 52. Kc2 b1=Q+
53. Kc3 Qe4 54. Kd2 Kb3 55. Kd1 Kc3 56. Kc1 Qc2# 0-1

[Event "AUTO-OPEN-3214"]
[Site "http://www.queenalice.com/game.php?id=1266101"]
[Date "2014.3.18"]
[Round "1"]
[White "helianthus"]
[Black "sphagnis"]
[Result "1-0"]
[WhiteElo "2378"]
[BlackElo "1528"]

1. e4 e5 2. f4 Nc6 3. d3 Bc5 4. fxe5 Bxg1 5. Rxg1 Nxe5 6. Bf4 d6 7. d4 Bg4 8.
Qd2 Nc6 9. Nc3 Nf6 10. d5 Ne5 11. Bxe5 dxe5 12. Bb5+ c6 13. dxc6 Qxd2+ 14. Kxd2
Rd8+ 15. Ke3 O-O 16. cxb7 Rb8 17. Ba6 Nd7 18. b4 f5 19. exf5 Rxf5 20. Nd5 Kf7
21. h3 e4 22. c4 Nb6 23. Nxb6 Bf3 24. Nd7 Rd8 25. c5 Ke7 26. gxf3 Rxf3+ 27. Kxe4
Ra3 28. Rxg7+ Ke6 29. Bc4# 1-0

[Event "AUTO-OPEN-3214"]
[Site "http://www.queenalice.com/game.php?id=1266130"]
[Date "2014.3.18"]
[Round "1"]
[White "Gosiulkaa"]
[Black "helianthus"]
[Result "0-1"]
[WhiteElo "1944"]
[BlackElo "2374"]

1. e4 c5 2. Nf3 Nc6 3. c3 d5 4. e5 Bg4 5. d4 Bxf3 6. gxf3 cxd4 7. cxd4 Qb6 8.
Nc3 Qxd4 9. Qxd4 Nxd4 10. Nxd5 O-O-O 11. Ne3 Nxf3+ 12. Ke2 Nxe5 13. Bg2 Nf6 14.
Bd2 Nd3 15. Nc4 e6 16. Bg5 h6 17. b3 hxg5 18. h3 Rh4 19. Bf3 Ne4 0-1

[Event "AUTO-OPEN-3214"]
[Site "http://www.queenalice.com/game.php?id=1266131"]
[Date "2014.3.18"]
[Round "1"]
[White "helianthus"]
[Black "Gosiulkaa"]
[Result "1-0"]
[WhiteElo "2377"]
[BlackElo "1960"]

1. e4 e5 2. f4 d6 3. Bc4 Nf6 4. fxe5 dxe5 5. d3 Bc5 6. Nf3 Bg4 7. Bxf7+ Kf8 8.
Bc4 Nc6 9. Bg5 h6 10. Bxf6 Qxf6 11. Nbd2 Be3 12. c3 Bxf3 13. Nxf3 Ke7 14. Bd5
Rhf8 15. Bxc6 bxc6 16. a4 g5 17. Qe2 Bb6 18. a5 Bc5 19. d4 exd4 20. Qc4 Bd6 21.
e5 Bxe5 22. O-O Kd7 23. cxd4 Bxh2+ 24. Kxh2 Qf4+ 25. g3 Qe3 26. Ne5+ Ke7 27.
Qc5+ 1-0